000
00212nam a2200097Ia 4500
005
20251222114354.0
008
251222s1900||||xx |||||||||||||| ||spa||
082
_a
DVD0070/B81/1996
245
0
_a
Hamlet:
942
_c
DVD
999
_c
1379
_d
1379